000 00434nam a2200181Ia 4500
005 20250923144423.0
008 008 250917s9999 xx 000 0 eng d
037 _aTextual
040 _aDSWL
_beng
_cDSWL
041 _aeng
_2eng
084 _qDSWL
100 _aRoy, M.N
_9824726
245 0 _aRadical humanism
_cby M.N Roy
260 _c1952
300 _a56 p.
942 _cTEXL
999 _c1438621
_d1438621